Global capitalism and the Indian economy (Record no. 41752)

MARC details
000 -LEADER
fixed length control field 00319nam a2200121Ia 4500
082 ## - DEWEY DECIMAL CLASSIFICATION NUMBER
Classification number 33(540)
Item number KUR
100 ## - MAIN ENTRY--AUTHOR NAME
Personal name Kurien, C T
245 #0 - TITLE STATEMENT
Title Global capitalism and the Indian economy
260 ## - PUBLICATION, DISTRIBUTION, ETC. (IMPRINT)
Place of publication Hyderabad
Name of publisher Orient Longman
Year of publication 1994
650 ## - SUBJECT ADDED ENTRY--TOPICAL TERM
Topical Term Globalization
942 ## - ADDED ENTRY ELEMENTS (KOHA)
Koha item type Books
Holdings
Withdrawn status Lost status Damaged status Not for loan Home library Current library Date acquired Cost, normal purchase price Full call number Accession Number Koha item type
        RRII Library RRII Library 16/12/2021 90.00 33(540) KUR 22038 Books